Welcome to the Holygrace Academy Library

Please use search bar below to get started

BUILDING LEFT BRAIN POWER (Record no. 5144)

MARC details
000 -LEADER
fixed length control field 00280nam a22001217a 4500
082 ## - DEWEY DECIMAL CLASSIFICATION NUMBER
Classification number 158
Item number BRA/B
100 ## - MAIN ENTRY--AUTHOR NAME
Personal name BRAGDON, ALLEN D.
245 ## - TITLE STATEMENT
Title BUILDING LEFT BRAIN POWER
260 ## - PUBLICATION, DISTRIBUTION, ETC. (IMPRINT)
Place of publication NEW DELHI
Name of publisher VIVA BOOKS
300 ## - PHYSICAL DESCRIPTION
Number of Pages 311
650 ## - SUBJECT ADDED ENTRY--TOPICAL TERM
Topical Term PERSONALITY DEVELOPMENT
Geographic subdivision DELHI
942 ## - ADDED ENTRY ELEMENTS (KOHA)
Koha item type Books
Holdings
Withdrawn status Lost status Collection code Home library Current library Shelving location Date acquired Source of acquisition Full call number Accession Number Koha item type
    Reference Main Library Main Library SHELF-17G-PERSONALITY DEVELOPMENT BOOKS 25/10/2017 PURCHASE 158 BRA/B 10085 Books